Diseño de videojuegos: da forma a tus sueños (Registro nro. 11545)
[ vista simple ]
| 000 -Cabecera | |
|---|---|
| Campo de control de longitud fija | 00635nam a2200265 b 4500 |
| 005 - Fecha y hora de la última transacción | |
| Campo de control | 20240809132611.0 |
| 008 - Elementos de longitud fija--Información general | |
| Campo de control de longitud fija | 061129s2006 sp | ||| ||spa |
| 020 ## - International Standard Book Number | |
| Número Internacional Estándar del Libro (ISBN) | 9786077072256 |
| 041 1# - Idioma | |
| Código de idioma | Español |
| 082 ## - Clasificación Decimal Dewey | |
| Número de clasificación | 794.8 G643d |
| 100 1# - Entrada principal--Autor personal | |
| Nombre personal | González, Daniel |
| 9 (RLIN) | 51779 |
| 245 10 - Título propiamente dicho | |
| Título | Diseño de videojuegos: da forma a tus sueños |
| 260 ## - Pie de imprenta | |
| Lugar de publicación, distribución, etc. | México |
| 260 ## - Pie de imprenta | |
| Nombre del editor, distribuidor, etc. | Deusto |
| 260 ## - Pie de imprenta | |
| Fecha de publicación, distribución, etc. | 2012 |
| 300 ## - Descripción física | |
| Extensión | 152 páginas |
| 650 ## - Materia general | |
| Temática (materia general) | VIDEOJUEGOS |
| 650 ## - Materia general | |
| Temática (materia general) | DISEÑO DE VIDEOJUEGOS |
| 650 ## - Materia general | |
| Temática (materia general) | PROGRAMACIÓN |
| 650 ## - Materia general | |
| Temática (materia general) | COMPUTACIÓN |
| 650 ## - Materia general | |
| Temática (materia general) | HTML |
| 650 ## - Materia general | |
| Temática (materia general) | AUTOREALM |
| 942 ## - Punto de acceso adicional KOHA | |
| Tipo de ítem KOHA | Libro |
| Fuente del sistema de clasificación o colocación | Dewey Decimal Classification |
| Signatura completa | Código de barras | Programa Académico | Tipo de ítem |
|---|---|---|---|
| 794.8 G643d | 23816 | Dirección de Educación Comunitaria y Asistencia Técnica | Libro |